[Event "XLII Festival A"]
[Site "Imperia ITA"]
[Date "2000.09.03"]
[Round "1"]
[White "Astengo, Marcello"]
[Black "Sejkora, Vlastimil"]
[WhiteElo "2060"]
[BlackElo "2264"]
[Result "1/2-1/2"]
[PlyCount "154"]
[EventDate "2000.09.03"]

1. d4 Nf6 2. c4 g6 3. d5 Bg7 4. Nc3 d6 5. e4 O-O 6. Bd3 e5 7. Nge2 Nbd7 8. Bg5
h6 9. Bd2 Nc5 10. Bc2 a5 11. O-O Nh5 12. Qc1 Kh7 13. Be3 b6 14. Qd2 Qe7 15.
Rae1 Bd7 16. h3 Rae8 17. g4 Nf6 18. Ng3 Ng8 19. f3 Bf6 20. a3 a4 21. Nge2 Ra8
22. Nb5 Bh4 23. Rc1 Bxb5 24. cxb5 Bg5 25. Bxg5 hxg5 26. Nc3 Ra5 27. Kg2 Kg7 28.
Rh1 Qf6 29. Rh2 Ne7 30. Rch1 Rh8 31. h4 Qf4 32. Qf2 gxh4 33. Rxh4 Rxh4 34. Qxh4
Ra8 35. Bd1 Ng8 36. Ne2 Qf6 37. g5 Qd8 38. Bc2 Kf8 39. Kf2 Qe7 40. Qg3 Kg7 41.
Ke3 f6 42. Qh4 Kf8 43. Qh8 Qg7 44. gxf6 Qxf6 45. Qxf6+ Nxf6 46. Rh8+ Ng8 47.
Rh7 Ra7 48. f4 Nf6 49. Rh8+ Kf7 50. Rc8 exf4+ 51. Kxf4 Nfd7 52. Nd4 Kf6 53. Nc6
Rb7 54. Ra8 Kg7 55. Kg5 Kh7 56. Re8 Kg7 57. Re7+ Kf8 58. Kxg6 Ne5+ 59. Kf6
Ncd7+ 60. Kf5 Nc5 61. Rxe5 dxe5 62. Kxe5 Nd7+ 63. Kd4 Nb8 64. e5 Ke8 65. Bxa4
Nxc6+ 66. bxc6 Ra7 67. Bb5 Ke7 68. a4 Ra8 69. b4 Ra7 70. a5 bxa5 71. bxa5 Rxa5
72. Kc5 Ra1 73. d6+ Kd8 74. Bc4 Rd1 75. Bd5 Rc1+ 76. Kd4 Rd1+ 77. Ke4 Rd2
1/2-1/2

[Event "XLII Festival A"]
[Site "Imperia ITA"]
[Date "2000.09.03"]
[Round "1"]
[White "Ausmins, Elmar"]
[Black "Popa, Claudiu"]
[WhiteElo "2324"]
[BlackElo "2127"]
[Result "1/2-1/2"]
[PlyCount "119"]
[EventDate "2000.09.03"]

1. d4 d5 2. Nf3 Nf6 3. c4 e6 4. cxd5 exd5 5. Nc3 c6 6. Bg5 Be7 7. e3 O-O 8. Bd3
Nbd7 9. Qc2 Re8 10. O-O-O Nf8 11. Ne5 Ng4 12. Bxe7 Qxe7 13. Nxg4 Bxg4 14. Rde1
Qf6 15. f3 Bh5 16. f4 Qe6 17. Rhg1 f6 18. g4 Bf7 19. g5 Re7 20. Bxh7+ Nxh7 21.
g6 Nf8 22. gxf7+ Kxf7 23. f5 Qc8 24. Kb1 Qc7 25. Rg3 Ke8 26. Qd1 Kd8 27. Qh5
Rd7 28. Qh8 Rf7 29. Reg1 Qe7 30. a3 Kc7 31. Ka1 Re8 32. Qh4 Qd6 33. Ne2 Ree7
34. Qf4 Kd7 35. Qxd6+ Kxd6 36. Nf4 Re4 37. Rxg7 Rxg7 38. Rxg7 Rxe3 39. Rf7 Nd7
40. Ne6 Rh3 41. b4 b6 42. Ng7 Kc7 43. Ne8+ Kd8 44. Nxf6 Nxf6 45. Rxf6 Rxh2 46.
Rxc6 Kd7 47. Rg6 Rf2 48. f6 Ke6 49. Rg7 a5 50. Rb7 Kxf6 51. Rxb6+ Kf5 52. bxa5
Ke4 53. a6 Rf8 54. Rb4 Ra8 55. Ra4 Kd3 56. a7 Kc2 57. Ka2 Kc3 58. Kb1 Kb3 59.
Ra5 Kc3 60. Ka2 1/2-1/2

[Event "XLII Festival A"]
[Site "Imperia ITA"]
[Date "2000.09.03"]
[Round "1"]
[White "Babula, Milan"]
[Black "Melich, Jindrich"]
[WhiteElo "2362"]
[BlackElo "2150"]
[Result "1-0"]
[PlyCount "119"]
[EventDate "2000.09.03"]

1. e4 d6 2. d4 Nf6 3. Nc3 g6 4. f4 Bg7 5. Nf3 c5 6. dxc5 Qa5 7. Bd3 Qxc5 8. Qe2
Nc6 9. Be3 Qa5 10. O-O Bg4 11. h3 Bxf3 12. Qxf3 O-O 13. a3 a6 14. b4 Qc7 15.
Ne2 Nd7 16. c3 Nde5 17. fxe5 Nxe5 18. Qg3 Nxd3 19. Nf4 Ne5 20. Bd4 e6 21. a4
Qc4 22. a5 f5 23. Rae1 Rae8 24. Rf2 fxe4 25. Rxe4 Rf5 26. Rfe2 Qb3 27. h4 Ref8
28. Re1 Bh6 29. Nh3 Bd2 30. Ra1 Qc4 31. Rd1 Rf1+ 32. Rxf1 Rxf1+ 33. Kh2 Rf8 34.
Nf2 Qd5 35. Bxe5 dxe5 36. Kh3 Rxf2 37. Qxf2 Qxe4 38. Qxd2 Qd5 39. Qe3 h5 40.
Qg5 Kf7 41. Qh6 Qc6 42. Qh7+ Kf6 43. Qh8+ Kf7 44. Qxe5 Qd7 45. Kh2 Qc6 46. Kg3
Qd7 47. Qd4 Qc7+ 48. Kf3 e5 49. Qd5+ Kf6 50. Ke4 g5 51. hxg5+ Kxg5 52. Qxe5+
Qxe5+ 53. Kxe5 Kg4 54. c4 Kg3 55. b5 Kxg2 56. bxa6 bxa6 57. c5 h4 58. c6 h3 59.
c7 h2 60. c8=Q 1-0

[Event "XLII Festival A"]
[Site "Imperia ITA"]
[Date "2000.09.03"]
[Round "1"]
[White "Barlocco, Carlo"]
[Black "Giuliano, Arturo"]
[WhiteElo "2179"]
[BlackElo "1968"]
[Result "0-1"]
[PlyCount "56"]
[EventDate "2000.09.03"]

1. d4 Nf6 2. g3 e6 3. Bg2 c5 4. Nf3 Nc6 5. c4 cxd4 6. Nxd4 Bb4+ 7. Nc3 O-O 8.
O-O a6 9. Bf4 d5 10. Rc1 Ne7 11. Qb3 Bd6 12. Bxd6 Qxd6 13. cxd5 exd5 14. Rfd1
Be6 15. Rd2 b5 16. e3 Rac8 17. Rcd1 b4 18. Nce2 a5 19. Nxe6 fxe6 20. Bh3 Ne4
21. Rd4 Nxf2 22. Rh4 Nxd1 23. Qxd1 Qe5 24. Qd3 Ng6 25. Rd4 Qf6 26. Kh1 Ne5 27.
Qa6 Rc6 28. Qb7 Qf3+ 0-1

[Event "XLII Festival A"]
[Site "Imperia ITA"]
[Date "2000.09.03"]
[Round "1"]
[White "Basciu, Simone"]
[Black "Gross, Stefan"]
[WhiteElo "2147"]
[BlackElo "2357"]
[Result "0-1"]
[PlyCount "102"]
[EventDate "2000.09.03"]

1. d4 Nf6 2. Nf3 c5 3. c4 cxd4 4. Nxd4 b6 5. f3 Bb7 6. Nc3 d6 7. e4 e6 8. Be3
a6 9. Be2 Nbd7 10. O-O Be7 11. Qe1 O-O 12. Rd1 Qc7 13. Rc1 Rac8 14. Qf2 Qb8 15.
Rfd1 Kh8 16. Bf1 Rg8 17. Be2 g5 18. g4 Rg7 19. h3 h5 20. Kg2 Rcg8 21. Rh1 Rh7
22. Rcg1 Ne5 23. Kf1 Qc7 24. b3 b5 25. Ndxb5 axb5 26. Nxb5 Qa5 27. a3 Bc6 28.
Qe1 Qxe1+ 29. Kxe1 Nfd7 30. Nd4 hxg4 31. hxg4 Ra8 32. Nxc6 Nxc6 33. Rxh7+ Kxh7
34. Bc1 Nd4 35. Bd1 Ne5 36. Rh1+ Kg6 37. Kd2 Ndxf3+ 38. Ke3 Nh4 39. Be2 Ng2+
40. Kd2 d5 41. exd5 Bxa3 42. dxe6 Bb4+ 43. Kc2 Ra2+ 44. Bb2 Ba3 45. Rb1 fxe6
46. b4 Ne3+ 47. Kb3 Rxb2+ 48. Rxb2 Bxb2 49. c5 Bd4 50. Ka4 Nd5 51. Ka5 Bc3 0-1

[Event "XLII Festival A"]
[Site "Imperia ITA"]
[Date "2000.09.03"]
[Round "1"]
[White "Blasco, Domenico"]
[Black "Bibik, Jura"]
[WhiteElo "2070"]
[BlackElo "2268"]
[Result "0-1"]
[PlyCount "73"]
[EventDate "2000.09.03"]

1. d4 f5 2. Bg5 h6 3. Bh4 g5 4. e3 Bg7 5. Bg3 Nf6 6. Nc3 d6 7. Bd3 Nc6 8. h4 g4
9. Bb5 O-O 10. Qe2 Kh8 11. O-O-O Nh5 12. Bh2 Bd7 13. Nh3 a6 14. Ba4 e6 15. Nf4
Nxf4 16. Bxf4 b5 17. Bb3 b4 18. Na4 Ne7 19. c4 bxc3 20. Nxc3 a5 21. Qc4 Rb8 22.
f3 Rb4 23. Qe2 Ng6 24. Bg3 gxf3 25. gxf3 a4 26. Bc2 Qb8 27. Bd3 Ne7 28. h5 e5
29. dxe5 a3 30. b3 dxe5 31. e4 Nc6 32. Nd5 Nd4 33. Qd2 Rxb3 34. Qa5 Rxd3 35.
Rxd3 Qb2+ 36. Kd1 Qe2+ 37. Kc1 0-1

[Event "XLII Festival A"]
[Site "Imperia ITA"]
[Date "2000.09.03"]
[Round "1"]
[White "Capuano, Ruggiero"]
[Black "Giuberchio, Cesare"]
[WhiteElo "2170"]
[BlackElo "1906"]
[Result "1-0"]
[PlyCount "93"]
[EventDate "2000.09.03"]

1. d4 d5 2. c4 e6 3. Nc3 Nf6 4. cxd5 exd5 5. Bg5 Be7 6. e3 h6 7. Bh4 O-O 8. Bd3
b6 9. Qc2 Bb7 10. f3 c5 11. Nge2 Na6 12. a3 c4 13. Bf5 g6 14. Bh3 Nh7 15. Bf2
Ng5 16. O-O-O Nxh3 17. gxh3 Nc7 18. Rhg1 Bf6 19. h4 h5 20. Nf4 Bg7 21. Rg2 Bc8
22. Rdg1 Bf5 23. Qxf5 gxf5 24. Rxg7+ Kh8 25. R1g5 Qxg5 26. Rxg5 Ne6 27. Rxh5+
Kg7 28. Rxf5 Nxf4 29. Rxf4 Rad8 30. Rf5 Rg8 31. Rxd5 Rxd5 32. Nxd5 f5 33. Bg3
Kf7 34. Kd2 Rd8 35. Nf4 a5 36. a4 b5 37. Kc3 Rb8 38. axb5 Rxb5 39. Kxc4 Rxb2
40. Nd3 Rc2+ 41. Kb3 Re2 42. Ne5+ Ke6 43. Bf4 Re1 44. h5 Rb1+ 45. Ka4 Ra1+ 46.
Kb5 a4 47. Kb4 1-0

[Event "XLII Festival A"]
[Site "Imperia ITA"]
[Date "2000.09.03"]
[Round "1"]
[White "Colovic, Aleksandar"]
[Black "Zedek, Alois"]
[WhiteElo "2397"]
[BlackElo "2157"]
[Result "1/2-1/2"]
[PlyCount "34"]
[EventDate "2000.09.03"]

1. e4 c6 2. Nc3 d5 3. Nf3 Bg4 4. h3 Bh5 5. Qe2 e6 6. d4 Bb4 7. exd5 Qxd5 8. Bd2
Bxc3 9. Bxc3 Nf6 10. Qd1 Qe4+ 11. Be2 Nd5 12. Qd3 Bxf3 13. gxf3 Qxd3 14. Bxd3
Nxc3 15. bxc3 Nd7 16. c4 O-O-O 17. Ke2 e5 1/2-1/2

[Event "XLII Festival A"]
[Site "Imperia ITA"]
[Date "2000.09.03"]
[Round "1"]
[White "Cugini, Verter"]
[Black "Biolek, Richard sr"]
[WhiteElo "2168"]
[BlackElo "2420"]
[Result "1/2-1/2"]
[PlyCount "116"]
[EventDate "2000.09.03"]

1. e4 c5 2. g3 g6 3. Bg2 Bg7 4. Ne2 Nc6 5. O-O e6 6. c3 Nge7 7. d4 cxd4 8. Nxd4
Nxd4 9. cxd4 d5 10. exd5 Nxd5 11. Nc3 Nxc3 12. bxc3 O-O 13. Rb1 Qc7 14. Qb3 e5
15. Be3 Rd8 16. dxe5 Bxe5 17. c4 Bf5 18. Qxb7 Bxb1 19. Qxc7 Bxc7 20. Bxa8 Bxa2
21. Bd5 a5 22. Bc5 Re8 23. f4 h6 24. Rd1 Bb3 25. Bxf7+ Kxf7 26. Rd7+ Ke6 27.
Rxc7 Bxc4 28. Bb6 Bd5 29. Bxa5 Ra8 30. Rc5 Kd6 31. Bb4 Ra4 32. Rb5+ Ke6 33. Bc3
Rc4 34. Be5 Bc6 35. Rb2 h5 36. Kf2 Kf5 37. h3 g5 38. Bb8 g4 39. hxg4+ hxg4 40.
Ra2 Bf3 41. Ra5+ Kf6 42. Be5+ Ke6 43. Ba1 Re4 44. f5+ Kf7 45. Ra2 Re8 46. Bd4
Re4 47. Bc3 Re7 48. f6 Rd7 49. Ke3 Bd5 50. Rd2 Kg6 51. Kf4 Be6 52. Re2 Kf7 53.
Rh2 Kg6 54. Ke5 Bf7 55. Rh4 Rd5+ 56. Ke4 Be6 57. Rh8 Rf5 58. Bd4 Rf1 1/2-1/2

[Event "XLII Festival A"]
[Site "Imperia ITA"]
[Date "2000.09.03"]
[Round "1"]
[White "De Santis, Alessio"]
[Black "Delanoy, Arnaud"]
[WhiteElo "2309"]
[BlackElo "2120"]
[Result "1/2-1/2"]
[PlyCount "68"]
[EventDate "2000.09.03"]

1. d4 d5 2. c4 dxc4 3. Nf3 Nf6 4. Nc3 Nc6 5. g3 Bg4 6. Bg2 e6 7. O-O Be7 8. Qa4
O-O 9. Rd1 Nd5 10. Qxc4 Nb6 11. Qd3 Bf6 12. Bf4 Nb4 13. Qb1 N4d5 14. Be5 c6 15.
h3 Bxf3 16. Bxf6 Qxf6 17. Bxf3 Rfd8 18. Be4 g6 19. a4 a5 20. Bg2 e5 21. Ne4 Qe7
22. Qc1 exd4 23. Rxd4 Nf6 24. Nxf6+ Qxf6 25. Rf4 Qd6 26. Qe3 Nd5 27. Bxd5 Qxd5
28. Re4 Rd7 29. Ra3 Qd1+ 30. Kg2 Rad8 31. Re8+ Kg7 32. Kh2 Qd4 33. Rb3 Qd5 34.
Rd3 Qf5 1/2-1/2

[Event "XLII Festival A"]
[Site "Imperia ITA"]
[Date "2000.09.03"]
[Round "1"]
[White "Egartner, Wolfgang"]
[Black "Bratanov, Zsivko"]
[WhiteElo "2166"]
[BlackElo "2400"]
[Result "1-0"]
[PlyCount "64"]
[EventDate "2000.09.03"]

1. d4 Nf6 2. Nf3 g6 3. g3 Bg7 4. Bg2 O-O 5. O-O d6 6. b3 e5 7. dxe5 Ng4 8. Bb2
Nc6 9. Qc1 dxe5 10. h3 Nh6 11. Rd1 Bd7 12. c4 Qc8 13. Kh2 f6 14. e4 Nf7 15. Nc3
Nfd8 16. Nd5 Ne6 17. b4 Qe8 18. a4 Ncd4 19. Nxd4 exd4 20. b5 f5 21. exf5 Rxf5
22. Re1 Rxf2 23. Nxc7 Nxc7 24. Rxe8+ Rxe8 25. Kg1 Ree2 26. Bxb7 Rxb2 27. Qg5
Bf6 28. Qc5 Ne8 29. Qd5+ Kf8 30. Qxd7 d3 31. Rd1 Be7 32. Qd5 Nd6 1-0

[Event "XLII Festival A"]
[Site "Imperia ITA"]
[Date "2000.09.03"]
[Round "1"]
[White "Faraci, Antonino"]
[Black "Di Paolo, Raffaele"]
[WhiteElo "2111"]
[BlackElo "2295"]
[Result "0-1"]
[PlyCount "72"]
[EventDate "2000.09.03"]

1. e4 e6 2. d4 d5 3. Nc3 Bb4 4. e5 c5 5. a3 Bxc3+ 6. bxc3 Ne7 7. h4 b6 8. h5 h6
9. Rh3 Ba6 10. Bxa6 Nxa6 11. Nf3 Nb8 12. Nh4 Nbc6 13. Rg3 Rg8 14. Qd3 Qc7 15.
Bb2 Na5 16. Qh7 Rc8 17. Rc1 Nc4 18. Ba1 Kf8 19. Rf3 Ke8 20. Rg3 Nxa3 21. Rxg7
Rxg7 22. Qxg7 cxd4 23. cxd4 Nxc2+ 24. Kd2 Qc4 25. Qxh6 Qb4+ 26. Ke2 Qb5+ 27.
Kd2 Nxa1 28. Rxc8+ Nxc8 29. Qh8+ Kd7 30. Qf6 Nb3+ 31. Ke3 Qc4 32. Qxf7+ Ne7 33.
Ng6 Qxd4+ 34. Kf3 Qd3+ 35. Kg4 Qf5+ 36. Kh4 Qxf7 0-1

[Event "XLII Festival A"]
[Site "Imperia ITA"]
[Date "2000.09.03"]
[Round "1"]
[White "Jacob, Volker"]
[Black "Semeria, Marco"]
[WhiteElo "2267"]
[BlackElo "2063"]
[Result "1-0"]
[PlyCount "63"]
[EventDate "2000.09.03"]

1. d4 Nf6 2. c4 c5 3. d5 e6 4. Nc3 exd5 5. cxd5 d6 6. e4 g6 7. Bd3 Bg7 8. Nge2
O-O 9. O-O Re8 10. Ng3 a6 11. a4 Nbd7 12. h3 h5 13. Bg5 Qb6 14. Ra3 Ne5 15. Be2
Nh7 16. Be3 h4 17. Nh1 Qd8 18. f4 Nd7 19. Nf2 f5 20. Bf3 fxe4 21. Ncxe4 Ndf6
22. Nd2 Rb8 23. a5 b5 24. axb6 Rxb6 25. Nc4 Rb4 26. Qc1 Bf5 27. Bd2 Rb5 28.
Rxa6 Bf8 29. Re1 Rxe1+ 30. Qxe1 Qb8 31. Bc3 Nd7 32. Bg4 1-0

[Event "XLII Festival A"]
[Site "Imperia ITA"]
[Date "2000.09.03"]
[Round "1"]
[White "Kljako, Damir"]
[Black "Machalek, Bedrich"]
[WhiteElo "2258"]
[BlackElo "2055"]
[Result "1-0"]
[PlyCount "85"]
[EventDate "2000.09.03"]

1. d4 Nf6 2. Nf3 e6 3. Bg5 c5 4. c3 d5 5. e3 a6 6. a4 Nc6 7. Nbd2 Be7 8. Bd3 b6
9. O-O Bb7 10. h3 O-O 11. Qe2 c4 12. Bc2 b5 13. e4 dxe4 14. Nxe4 Nxe4 15. Qxe4
g6 16. Bxe7 Qxe7 17. Qf4 Kg7 18. Rfe1 Rad8 19. axb5 axb5 20. Be4 Ra8 21. Rxa8
Rxa8 22. Ne5 Nd8 23. Bxb7 Nxb7 24. Ng4 f6 25. Qh6+ Kg8 26. Qe3 Ra6 27. Qf3 f5
28. Nf6+ Kg7 29. Nd5 Qd7 30. Nb4 Rd6 31. Qf4 Nd8 32. Qe5+ Kg8 33. Ra1 h6 34.
Ra5 Rb6 35. Ra8 Kh7 36. Qf6 Rd6 37. Qe5 Nf7 38. Qc5 Kg7 39. Ra7 Qd8 40. Nc6 Qf8
41. Ne5 Rd5 42. Qc7 Rxe5 43. Qxe5+ 1-0

[Event "XLII Festival A"]
[Site "Imperia ITA"]
[Date "2000.09.03"]
[Round "1"]
[White "Lukes, Ladislav"]
[Black "Poloch, Petr"]
[WhiteElo "2122"]
[BlackElo "2323"]
[Result "0-1"]
[PlyCount "48"]
[EventDate "2000.09.03"]

1. e4 c5 2. Nf3 e6 3. d4 cxd4 4. Nxd4 Nf6 5. Nc3 d6 6. Bg5 Be7 7. Qd2 a6 8. f3
Qc7 9. O-O-O Nbd7 10. Nb3 b5 11. a3 Bb7 12. Bf4 Ne5 13. Qe3 O-O 14. Nd4 Rfc8
15. Rd2 Nfd7 16. Qf2 Nb6 17. Qg3 Bf8 18. Bxb5 axb5 19. Ndxb5 Qc5 20. Nxd6 Bxd6
21. Rxd6 Qxd6 22. Bxe5 Qf8 23. Rd1 Nc4 24. Bf6 Kh8 0-1

[Event "XLII Festival A"]
[Site "Imperia ITA"]
[Date "2000.09.03"]
[Round "1"]
[White "Massa, Giovanni"]
[Black "Jurek, Josef"]
[WhiteElo "2132"]
[BlackElo "2329"]
[Result "0-1"]
[PlyCount "74"]
[EventDate "2000.09.03"]

1. e4 c5 2. Nf3 d6 3. d4 cxd4 4. Nxd4 Nf6 5. Nc3 a6 6. Be3 e5 7. Nb3 Be6 8. Qd2
Nbd7 9. f3 h5 10. O-O-O Rc8 11. Kb1 Be7 12. Nd5 Nxd5 13. exd5 Bf5 14. Bd3 Bxd3
15. Qxd3 Qc7 16. Rhe1 O-O 17. f4 exf4 18. Bxf4 Bf6 19. c3 Be5 20. Qf3 Bxf4 21.
Qxf4 Rfe8 22. Nd4 Re5 23. Nf5 Rce8 24. Qg3 g6 25. Rf1 Kh7 26. Nd4 Nc5 27. Qf4
R8e7 28. Nf3 Rf5 29. Ng5+ Kg8 30. Qh4 Qd7 31. Rfe1 Qe8 32. g4 Rxg5 33. gxh5
Rxe1 34. Rxe1 Re5 35. Rg1 Kg7 36. hxg6 fxg6 37. Rf1 Qe7 0-1

[Event "XLII Festival A"]
[Site "Imperia ITA"]
[Date "2000.09.03"]
[Round "1"]
[White "Mlynek, Petr"]
[Black "Frank, Albert"]
[WhiteElo "2200"]
[BlackElo "2014"]
[Result "1-0"]
[PlyCount "69"]
[EventDate "2000.09.03"]

1. d4 c5 2. c3 b6 3. e4 g6 4. dxc5 bxc5 5. Qd5 Nc6 6. Qxc5 Nf6 7. Bd3 e6 8. Qe3
h5 9. Qe2 Ng4 10. Nf3 Bc5 11. O-O a5 12. Na3 Nce5 13. Nxe5 Nxe5 14. Be3 Nxd3
15. Qxd3 Ba6 16. c4 Bxe3 17. Qxe3 O-O 18. Rfd1 Rb8 19. b3 Qe7 20. c5 f5 21. e5
f4 22. Qd4 Kh8 23. Qd6 Qxd6 24. Rxd6 Bc8 25. Rc1 Rf5 26. c6 dxc6 27. Rd8+ Kg7
28. Rxc6 Rxe5 29. f3 Ba6 30. Rd7+ Kf6 31. Rxa6 Re2 32. Nc4 Rxa2 33. Rxa5 Rxa5
34. Nxa5 Rb5 35. Rb7 1-0

[Event "XLII Festival A"]
[Site "Imperia ITA"]
[Date "2000.09.03"]
[Round "1"]
[White "Mozny, Milos"]
[Black "Hocevar, Nikola"]
[WhiteElo "2414"]
[BlackElo "2167"]
[Result "1-0"]
[PlyCount "127"]
[EventDate "2000.09.03"]

1. d4 d5 2. Nf3 Nf6 3. c4 e6 4. g3 Nbd7 5. Bg2 Bb4+ 6. Bd2 Qe7 7. O-O Bxd2 8.
Nbxd2 O-O 9. Qc2 c5 10. dxc5 Qxc5 11. Rac1 Nb6 12. e4 dxc4 13. e5 Nfd5 14. Ng5
g6 15. Qe4 h6 16. Nh3 Qe7 17. Nxc4 Bd7 18. Nf4 Bc6 19. Na5 Bb5 20. Rfd1 Kg7 21.
Nxd5 Nxd5 22. a4 Ba6 23. Nc4 Rac8 24. Nd6 Rxc1 25. Rxc1 b6 26. Qd4 Bb7 27. Qd2
Ba8 28. Rc4 f6 29. exf6+ Rxf6 30. Ne4 Rf7 31. Nc3 Bb7 32. Nxd5 exd5 33. Rd4 Qc5
34. b4 Qe7 35. Bxd5 Bxd5 36. Rxd5 Qf6 37. h4 h5 38. Rd4 Re7 39. b5 Qe5 40. Kg2
Rf7 41. Rc4 Qe6 42. Rd4 Qe5 43. Qe3 Qf5 44. Rd8 Qf6 45. Re8 Kh7 46. f4 Rd7 47.
Qe5 Qxe5 48. fxe5 Kg7 49. Kf3 Kf7 50. Ra8 Ke6 51. Ke4 Rc7 52. Re8+ Kf7 53. Rd8
Ke7 54. Rd6 Rc4+ 55. Kd5 Rg4 56. Rc6 Kd8 57. a5 bxa5 58. Ra6 Kc7 59. e6 Rxg3
60. e7 Kd7 61. Rxa7+ Ke8 62. b6 Rb3 63. b7 Kf7 64. Ra8 1-0

[Event "XLII Festival A"]
[Site "Imperia ITA"]
[Date "2000.09.03"]
[Round "1"]
[White "Payen, Arnaud"]
[Black "Lo Curto, Emanuele"]
[WhiteElo "2354"]
[BlackElo "2132"]
[Result "1-0"]
[PlyCount "65"]
[EventDate "2000.09.03"]

1. Nf3 Nf6 2. d4 g6 3. Bf4 Bg7 4. e3 O-O 5. h3 d6 6. Be2 Nbd7 7. O-O Qe8 8. Bh2
e5 9. c4 Qe7 10. Nc3 e4 11. Nd2 a6 12. Rc1 Re8 13. b4 Nf8 14. Qb3 h5 15. c5 Bf5
16. Nd5 Nxd5 17. Qxd5 dxc5 18. bxc5 b6 19. Qc6 Bd7 20. Qxc7 bxc5 21. Qxc5 Qxc5
22. Rxc5 Bb5 23. Bxb5 axb5 24. Ra1 b4 25. Rc4 Ra4 26. Bd6 Rea8 27. Rxb4 Rxa2
28. Rxa2 Rxa2 29. Nxe4 Ra1+ 30. Kh2 Nd7 31. Rb7 Nf6 32. Rb8+ Kh7 33. Ng5+ 1-0

[Event "XLII Festival A"]
[Site "Imperia ITA"]
[Date "2000.09.03"]
[Round "1"]
[White "Pedemonte, Claudio"]
[Black "Jandovsky, Viktor"]
[WhiteElo "2013"]
[BlackElo "2195"]
[Result "0-1"]
[PlyCount "58"]
[EventDate "2000.09.03"]

1. c4 e5 2. Nc3 Nc6 3. Nf3 Nf6 4. d4 exd4 5. Nxd4 Bb4 6. Nxc6 bxc6 7. Qb3 a5 8.
a3 Bc5 9. Bg5 Bxf2+ 10. Kd1 Bc5 11. Ne4 Be7 12. Nxf6+ Bxf6 13. Qe3+ Qe7 14.
Qxe7+ Kxe7 15. Bf4 Bxb2 16. Rb1 Bd4 17. e3 Bc5 18. g3 d6 19. Bg2 Bg4+ 20. Kd2
Kd7 21. h3 Be6 22. Kc3 Rab8 23. Be4 h6 24. g4 g6 25. Bg3 Bxe3 26. Rhf1 c5 27.
Bd3 Rb6 28. Rf3 Bd4+ 29. Kd2 Rhb8 0-1

[Event "XLII Festival A"]
[Site "Imperia ITA"]
[Date "2000.09.03"]
[Round "1"]
[White "Pienabarca, Nicola"]
[Black "Luciani, Carlo"]
[WhiteElo "2030"]
[BlackElo "2225"]
[Result "0-1"]
[PlyCount "60"]
[EventDate "2000.09.03"]

1. e4 e5 2. Nf3 Nc6 3. Bc4 Bc5 4. O-O Nf6 5. d3 d6 6. c3 Bb6 7. Nbd2 Ne7 8. Bb3
c6 9. Nc4 Bc7 10. Bg5 Ng6 11. d4 h6 12. dxe5 hxg5 13. exd6 b5 14. Nxg5 bxc4 15.
Nxf7 Kxf7 16. Bxc4+ Kf8 17. dxc7 Qxc7 18. f4 Nxe4 19. Qd4 Qb6 20. Bd3 Bf5 21.
Qxb6 axb6 22. g4 Nd2 23. Bxf5 Nxf1 24. Rxf1 Ne7 25. Be6 Rd8 26. Rf2 Nd5 27. Kg2
Ke7 28. f5 g5 29. Kg3 Nf4 30. Bb3 Rh3# 0-1

[Event "XLII Festival A"]
[Site "Imperia ITA"]
[Date "2000.09.03"]
[Round "1"]
[White "Raviola, Giuseppe"]
[Black "Benes, Petr"]
[WhiteElo "1909"]
[BlackElo "2171"]
[Result "0-1"]
[PlyCount "56"]
[EventDate "2000.09.03"]

1. e4 Nf6 2. Nc3 e5 3. Nf3 Bb4 4. d3 O-O 5. Bg5 h6 6. Bxf6 Qxf6 7. Be2 c6 8.
O-O d6 9. h3 Be6 10. Nh2 Nd7 11. Bg4 Qg6 12. Ne2 h5 13. Bxe6 fxe6 14. c3 Ba5
15. h4 Bb6 16. Qd2 Rf6 17. Qg5 Qf7 18. d4 Rf8 19. Qe3 c5 20. Nf3 cxd4 21. cxd4
exd4 22. Qa3 d3 23. Qxd3 Ne5 24. Nxe5 dxe5 25. Kh1 Bxf2 26. Ng1 Qg6 27. Rac1
Qg4 28. Nh3 Rf3 0-1

[Event "XLII Festival A"]
[Site "Imperia ITA"]
[Date "2000.09.03"]
[Round "1"]
[White "Scarenzio, Renato"]
[Black "Papan, Cyril"]
[WhiteElo "2024"]
[BlackElo "2208"]
[Result "1/2-1/2"]
[PlyCount "144"]
[EventDate "2000.09.03"]

1. d4 Nf6 2. c4 g6 3. Nc3 Bg7 4. e4 d6 5. f3 O-O 6. Bg5 c5 7. d5 e5 8. Qd2 a6
9. a4 Qa5 10. f4 h6 11. fxe5 hxg5 12. exf6 Bxf6 13. Bd3 Kg7 14. O-O-O Bd7 15.
h4 Rh8 16. Nge2 gxh4 17. Rdf1 Qd8 18. Rf3 Bg4 19. Rf2 Bg5 20. Nf4 Nd7 21. Be2
Ne5 22. Bxg4 Nxg4 23. Rff1 Qe7 24. a5 Qe5 25. Rf3 Rae8 26. b3 Re7 27. Kc2 Nf6
28. Re1 Ng4 29. Rh1 Rb8 30. Rd1 b5 31. axb6 Rxb6 32. Re1 Reb7 33. Rb1 Rb4 34.
Rff1 Bh6 35. Qe2 Nh2 36. Nd3 Qg3 37. Rh1 Ng4 38. Nd1 Nf6 39. Rh3 Qg5 40. Nxb4
Rxb4 41. Nc3 Nh5 42. Rf3 Ng3 43. Qf2 Rb7 44. Re1 Re7 45. e5 Nf5 46. Ne4 Nd4+
47. Qxd4 cxd4 48. Nxg5 Bxg5 49. e6 f5 50. c5 Rc7 51. c6 Be3 52. Kd3 Kf6 53. Rh3
g5 54. Rhxe3 dxe3 55. Rxe3 Rh7 56. Re1 h3 57. gxh3 Rxh3+ 58. Re3 Rh7 59. b4 Re7
60. Kd4 f4 61. Rc3 Rc7 62. Ke4 Kg6 63. Ra3 Kf6 64. Rxa6 f3 65. Ra8 g4 66. b5
Kg7 67. b6 f2 68. bxc7 f1=Q 69. c8=Q Qc4+ 70. Kf5 Qxd5+ 71. Kxg4 Qe4+ 72. Kg5
Qe5+ 1/2-1/2

[Event "XLII Festival A"]
[Site "Imperia ITA"]
[Date "2000.09.03"]
[Round "1"]
[White "Schmitt, Thomas"]
[Black "Malano, Francesco"]
[WhiteElo "2223"]
[BlackElo "2028"]
[Result "1/2-1/2"]
[PlyCount "133"]
[EventDate "2000.09.03"]

1. e4 c5 2. Nf3 Nc6 3. d4 cxd4 4. Nxd4 g6 5. Nc3 Bg7 6. Be3 Nf6 7. Nxc6 bxc6 8.
e5 Ng8 9. f4 f6 10. Bd4 Qa5 11. Qe2 fxe5 12. Bxe5 Nf6 13. O-O-O O-O 14. Qc4+
Kh8 15. h4 d6 16. Bd4 c5 17. Bxf6 Bxf6 18. Ne4 Rb8 19. Nxf6 Rxf6 20. a3 Be6 21.
Qe4 Qb6 22. b3 Qa5 23. Kb2 d5 24. Qe5 Qb6 25. h5 Qd6 26. Qxd6 exd6 27. hxg6
Rxg6 28. Bd3 Rg7 29. Rh6 Bg8 30. Rd2 Rg3 31. Rh3 Rxh3 32. gxh3 Kg7 33. Bf1 Kf6
34. Kc1 d4 35. Rg2 Bd5 36. Rg5 Be4 37. Bc4 a5 38. Kd2 Bf5 39. Bd3 Bxd3 40. Kxd3
Re8 41. Kc4 Re3 42. Kd5 Re2 43. Kxd6 Rxc2 44. Rd5 Rc3 45. b4 axb4 46. axb4 cxb4
47. Rxd4 b3 48. h4 Kf5 49. Rb4 Rf3 50. h5 Rh3 51. Ke7 Rxh5 52. Rb5+ Kg4 53.
Rxb3 Rf5 54. Ke6 Rxf4 55. Ke5 h5 56. Rb1 Rf3 57. Ke4 h4 58. Rb8 Rf7 59. Rg8+
Kh3 60. Ke3 Kh2 61. Ke2 h3 62. Rg6 Kh1 63. Rg8 h2 64. Rg6 Ra7 65. Kf2 Ra2+ 66.
Kf1 Ra1+ 67. Kf2 1/2-1/2

[Event "XLII Festival A"]
[Site "Imperia ITA"]
[Date "2000.09.03"]
[Round "1"]
[White "Stoppa, Omar"]
[Black "Dinser, Hans"]
[WhiteElo "2195"]
[BlackElo "2132"]
[Result "1/2-1/2"]
[PlyCount "67"]
[EventDate "2000.09.03"]

1. e4 c5 2. Nf3 d6 3. c4 Nc6 4. d4 cxd4 5. Nxd4 Nf6 6. Nc3 e6 7. Nc2 Be7 8. Be2
a6 9. O-O Qc7 10. Bf4 e5 11. Bg5 Be6 12. Bxf6 Bxf6 13. Rc1 O-O 14. Nd5 Bxd5 15.
cxd5 Ne7 16. Ne3 Qb8 17. Qb3 b5 18. Bg4 Ra7 19. Rc2 g6 20. a4 Bg5 21. Be2 Rb7
22. axb5 axb5 23. g3 f5 24. f4 exf4 25. gxf4 Bh6 26. e5 Kh8 27. e6 Bg7 28. Rfc1
Bd4 29. Kg2 Qa7 30. Nd1 Qb8 31. Qd3 Bf6 32. b4 g5 33. Bh5 gxf4 34. Bf7 1/2-1/2

[Event "XLII Festival A"]
[Site "Imperia ITA"]
[Date "2000.09.03"]
[Round "1"]
[White "Wurm, Christoph"]
[Black "Bellia, Fabrizio"]
[WhiteElo "2156"]
[BlackElo "2374"]
[Result "0-1"]
[PlyCount "50"]
[EventDate "2000.09.03"]

1. e4 d6 2. d4 Nf6 3. Nc3 g6 4. f3 c6 5. Be3 Qa5 6. Qd2 Nbd7 7. Nh3 b5 8. a3
Bg7 9. Nf2 a6 10. Be2 Qc7 11. Bh6 Bxh6 12. Qxh6 Bb7 13. O-O e5 14. dxe5 dxe5
15. Rfd1 O-O-O 16. b4 Nh5 17. g3 Nf8 18. Rxd8+ Qxd8 19. Rd1 Qe7 20. Nd3 Nf6 21.
Bf1 N8d7 22. Bh3 Kb8 23. Kf2 Rd8 24. Qg5 h5 25. Bxd7 Ng4+ 0-1